000 00563nam a2200205Ia 4500
003 OSt
005 20230401105743.0
008 210423s2011 xx 000 0 und d
020 _a8190206893
040 _cAL
041 _aeng
082 _a658.3 TIWT
_223
100 _aTIWARI (T D);THAKKAR (Anuja).
_981479
245 _aNew dimensions on human resource development.
260 _aNew Delhi
_bWisdom Publication
_c2011
300 _avii,345
_bPB
365 _b360
_cINR
906 _adevelopment. ; dimensions ; human ; New ; resource
942 _2ddc
_cBK
999 _c155392
_d155392